| 000 | 01029nam a22002537a 4500 | ||
|---|---|---|---|
| 003 | 0 | ||
| 005 | 20251008161110.0 | ||
| 008 | 251008b xxu||||| |||| 00| 0 eng d | ||
| 020 | _a978-0-06-288846-4 | ||
| 050 |
_aBF 575.H6 _b.M36 2019 |
||
| 100 |
_aManson, Mark, _eauthor. |
||
| 245 |
_aEverything is f*cked : _bbook about hope / _cMark Manson. |
||
| 250 | _aFirst edition. | ||
| 260 |
_aNew York : _bHarper, an imprint of HarperCollins Publishers, _c2019. |
||
| 300 |
_a273 pages ; _c22 cm. |
||
| 500 | _aCompanion to the author’s previous book, The Subtle Art of Not Giving a F*ck. | ||
| 504 | _aIncludes bibliographical references. | ||
| 520 | _aThe author examines the limitations of hope and human progress in the modern world, arguing that true freedom and fulfillment come from embracing life’s difficulties and finding meaning beyond positivity. | ||
| 650 | _aHope. | ||
| 650 | _aConduct of life. | ||
| 650 | _aSelf-actualization (Psychology). | ||
| 650 | _aMotivation (Psychology). | ||
| 942 |
_2lcc _cBK |
||
| 999 |
_c368187 _d368187 |
||